[Event "Titled Tuesday intern op 09th Jan Early"]
[Site "Chess.com INT"]
[Date "2024.01.09"]
[Round "3"]
[White "Flynn, Jacob"]
[Black "Shimanov, Aleksandr"]
[Result "0-1"]
[WhiteElo "2177"]
[BlackElo "2578"]
[PlyCount "78"]
[EventDate "2024.01.09"]
[EventType "swiss (blitz)"]
[EventRounds "11"]
[EventCountry "USA"]
[SourceTitle "CB03_2024"]
[SourceDate "2024.01.17"]
[SourceVersion "1"]
[SourceVersionDate "2024.01.17"]
[SourceQuality "1"]

1. d4 d5 2. c4 e5 3. dxe5 Ne7 4. Nf3 Nbc6 5. cxd5 Qxd5 6. Nc3 Qxd1+ 7. Nxd1 Bg4 8. e3 Ng6 9. Be2 0-0-0 10. 0-0 Ngxe5 11. Nc3 Nxf3+ 12. gxf3 Bh3 13. Rd1 Bb4 14. Bd2 Rd6 15. Ne4 Rg6+ 16. Ng3 h5 17. Bd3 Rf6 18. Bxb4 Nxb4 19. Be4 h4 20. Ne2 Re6 21. Nf4 Rxe4 22. fxe4 Bg4 23. Rd2 Bf3 24. a3 Nc6 25. b4 Re8 26. b5 Ne5 27. Rc1 Bxe4 28. Kf1 Nf3 29. Rb2 Nxh2+ 30. Ke2 g5 31. Nd3 Bf3+ 32. Ke1 Ng4 33. Rbc2 Re7 34. Kd2 h3 35. Ne1 Be4 36. Rc4 h2 37. Nc2 Nxf2 38. Nb4 h1Q 39. Rxh1 Nxh1 0-1

[Event "Titled Tuesday intern op 19th Dec Early"]
[Site "Chess.com INT"]
[Date "2023.12.19"]
[Round "2"]
[White "Flynn, Jacob"]
[Black "Seo, Jung Min"]
[Result "0-1"]
[WhiteElo "2196"]
[BlackElo "2483"]
[PlyCount "58"]
[EventDate "2023.12.19"]
[EventType "swiss (blitz)"]
[EventRounds "11"]
[EventCountry "USA"]
[SourceTitle "CB52_2023"]
[SourceDate "2023.12.27"]
[SourceVersion "1"]
[SourceVersionDate "2023.12.27"]
[SourceQuality "1"]

1. d4 d6 2. Nf3 Nf6 3. g3 g6 4. Bg2 Bg7 5. 0-0 0-0 6. c4 Nc6 7. Nc3 Bf5 8. Nh4 Bd7 9. Nf3 a6 10. b3 Rb8 11. Bb2 b5 12. cxb5 axb5 13. Rc1 b4 14. Nb1 Na7 15. Nbd2 Nb5 16. Nc4 Nd5 17. Qd3 c6 18. Rc2 Ndc3 19. a4 Bf5 20. Qd2 Bxc2 21. Qxc2 Na7 22. Bxc3 bxc3 23. Qxc3 c5 24. e3 Nc6 25. Qd2 cxd4 26. Nxd4 Nxd4 27. exd4 Rxb3 28. Ra1 Qc7 29. Bf1 Qa7 0-1

[Event "Titled Tuesday intern op 05th Sep Early"]
[Site "Chess.com INT"]
[Date "2023.09.05"]
[Round "5"]
[White "Gegenfurtner, Juergen"]
[Black "Flynn, Jacob"]
[Result "1-0"]
[WhiteElo "2326"]
[BlackElo "2154"]
[PlyCount "55"]
[EventDate "2023.09.05"]
[EventType "swiss (blitz)"]
[EventRounds "11"]
[EventCountry "USA"]
[SourceTitle "EXT 2024"]
[Source "ChessBase"]
[SourceDate "2023.10.10"]
[SourceVersion "1"]
[SourceVersionDate "2023.10.10"]
[SourceQuality "1"]

1. d4 Nf6 2. c4 e6 3. Nf3 d5 4. g3 dxc4 5. Bg2 c5 6. 0-0 Nc6 7. dxc5 Qxd1 8. Rxd1 Bxc5 9. Nbd2 c3 10. bxc3 0-0 11. Nb3 Be7 12. c4 Bd7 13. Bb2 Rfd8 14. Nfd4 Rac8 15. Nb5 b6 16. Rd2 Be8 17. Rad1 Rxd2 18. Rxd2 a6 19. Nd6 Bxd6 20. Rxd6 Rd8 21. c5 Rxd6 22. cxd6 Bd7 23. e4 e5 24. f4 exf4 25. e5 Ng4 26. gxf4 f6 27. e6 Bxe6 28. Bxc6 1-0

[Event "Titled Tuesday intern op 22nd Aug Early"]
[Site "Chess.com INT"]
[Date "2023.08.22"]
[Round "2"]
[White "Flynn, Jacob"]
[Black "Polanco Nunez, Yoel Estarling"]
[Result "1-0"]
[WhiteElo "2142"]
[BlackElo "2178"]
[PlyCount "105"]
[EventDate "2023.08.22"]
[EventType "swiss (blitz)"]
[EventRounds "11"]
[EventCountry "USA"]
[SourceTitle "EXT 2024"]
[Source "ChessBase"]
[SourceDate "2023.10.10"]
[SourceVersion "1"]
[SourceVersionDate "2023.10.10"]
[SourceQuality "1"]

1. d4 Nf6 2. c4 e6 3. g3 c5 4. d5 exd5 5. cxd5 d6 6. Nc3 Be7 7. Nf3 0-0 8. Bg2 Na6 9. 0-0 Nc7 10. e4 a6 11. a4 Rb8 12. a5 Nb5 13. Re1 Bg4 14. h3 Bxf3 15. Bxf3 Nd4 16. Bg2 Nd7 17. Kh2 Re8 18. f4 Bf6 19. Be3 b6 20. axb6 Qxb6 21. Ne2 Nxe2 22. Rxe2 a5 23. Qa4 Red8 24. Qxa5 Qxa5 25. Rxa5 Rxb2 26. Rxb2 Bxb2 27. Rb5 Bf6 28. Bf1 g5 29. fxg5 Bg7 30. Kg2 Re8 31. Bd3 Ne5 32. Bc2 Ng6 33. h4 Bd4 34. Bd2 Ne5 35. Bf4 Nc4 36. Kh3 Be5 37. Bd3 Bxf4 38. gxf4 Nd2 39. e5 dxe5 40. d6 c4 41. d7 Rd8 42. Bf5 Nb3 43. Rxe5 Kf8 44. Re4 Nc5 45. Rxc4 Ne6 46. Bxe6 fxe6 47. Rc8 Ke7 48. Rxd8 Kxd8 49. h5 Kxd7 50. g6 hxg6 51. h6 Ke7 52. h7 Kf7 53. h8Q 1-0

[Event "Titled Tuesday intern op 11th Jul Late"]
[Site "Chess.com INT"]
[Date "2023.07.11"]
[Round "3"]
[White "Flynn, Jacob"]
[Black "Delgado Kuffo, Andres"]
[Result "1-0"]
[WhiteElo "2142"]
[BlackElo "2320"]
[PlyCount "101"]
[EventDate "2023.07.11"]
[EventType "swiss (blitz)"]
[EventRounds "11"]
[EventCountry "USA"]
[SourceTitle "EXT 2024"]
[Source "ChessBase"]
[SourceDate "2023.10.10"]
[SourceVersion "1"]
[SourceVersionDate "2023.10.10"]
[SourceQuality "1"]

1. d4 Nf6 2. c4 c6 3. Nf3 d5 4. e3 a6 5. c5 Bg4 6. Nc3 Nbd7 7. Be2 Bxf3 8. Bxf3 e5 9. 0-0 e4 10. Be2 g6 11. b4 h5 12. a4 Bh6 13. Rb1 0-0 14. b5 axb5 15. axb5 Nh7 16. bxc6 bxc6 17. Na4 Rb8 18. Bd2 f5 19. Rxb8 Nxb8 20. Qb3 f4 21. exf4 Qf6 22. Qe3 Bxf4 23. Qxf4 Qxf4 24. Bxf4 Rxf4 25. Nb6 Ng5 26. Ra1 Ne6 27. Ra4 Kg7 28. g3 Rf7 29. h4 Nd7 30. Nc8 Nf6 31. Nd6 Rc7 32. Kf1 Kh6 33. Ke1 g5 34. hxg5+ Kxg5 35. Kd2 Ng4 36. Bxg4 Kxg4 37. Ke3 h4 38. gxh4 Kxh4 39. Ra8 Kg5 40. Re8 Kf6 41. Rh8 Ng7 42. Rh6+ Kg5 43. Rh7 Nf5+ 44. Nxf5 Rxh7 45. Nd6 Rh3+ 46. Ke2 Rf3 47. Nb7 Rd3 48. Nd8 Rxd4 49. Ne6+ Kf6 50. Nxd4 Ke5 51. Ke3 1-0

[Event "Titled Tuesday intern op 11th Jul Late"]
[Site "Chess.com INT"]
[Date "2023.07.11"]
[Round "8"]
[White "Mizzi, Jack"]
[Black "Flynn, Jacob"]
[Result "0-1"]
[WhiteElo "1986"]
[BlackElo "2142"]
[PlyCount "138"]
[EventDate "2023.07.11"]
[EventType "swiss (blitz)"]
[EventRounds "11"]
[EventCountry "USA"]
[SourceTitle "EXT 2024"]
[Source "ChessBase"]
[SourceDate "2023.10.10"]
[SourceVersion "1"]
[SourceVersionDate "2023.10.10"]
[SourceQuality "1"]

1. d4 Nf6 2. c4 e6 3. g3 d5 4. Bg2 dxc4 5. Nf3 c5 6. 0-0 Nc6 7. dxc5 Qxd1 8. Rxd1 Bxc5 9. Nbd2 c3 10. bxc3 0-0 11. Nb3 Be7 12. c4 Bd7 13. Bb2 Rfd8 14. Ne5 Rac8 15. Rac1 Nxe5 16. Bxe5 Bc6 17. Bxc6 Rxc6 18. Rxd8+ Bxd8 19. Nd4 Ra6 20. Rc2 Nd7 21. Nf3 Nxe5 22. Nxe5 Kf8 23. Nd7+ Ke8 24. Nc5 Rb6 25. Kg2 Be7 26. Nd3 Ra6 27. Kf3 f5 28. Rb2 b6 29. Rc2 Bd6 30. h4 g6 31. Nc1 e5 32. e4 Ra3+ 33. Nb3 Bc5 34. h5 Ke7 35. g4 Kf6 36. gxf5 gxf5 37. exf5 Kxf5 38. Kg2 a5 39. Nd2 e4 40. Nf1 Kf4 41. Ng3 a4 42. Re2 e3 43. fxe3+ Bxe3 44. h6 Bc5 45. Re4+ Kg5 46. Re6 Rxa2+ 47. Kh3 a3 48. Ne4+ Kf5 49. Re8 Ra1 50. Nxc5 bxc5 51. Ra8 a2 52. Kh2 Ke4 53. Ra4 Kd4 54. Kg2 Kc3 55. Kh2 Kb3 56. Ra8 Kxc4 57. Ra7 Kc3 58. Ra5 c4 59. Ra8 Kc2 60. Kg2 c3 61. Ra7 Kd3 62. Rd7+ Ke2 63. Re7+ Kd1 64. Rd7+ Kc1 65. Ra7 c2 66. Kh2 Rb1 67. Rxa2 Rb2 68. Ra7 Kb1 69. Rc7 c1Q+ 0-1

[Event "Titled Tuesday intern op 04th Jul Early"]
[Site "Chess.com INT"]
[Date "2023.07.04"]
[Round "5"]
[White "Flynn, Jacob"]
[Black "Fernandez, Gerardo"]
[Result "1-0"]
[WhiteElo "2142"]
[BlackElo "2181"]
[PlyCount "63"]
[EventDate "2023.07.04"]
[EventType "swiss (blitz)"]
[EventRounds "11"]
[EventCountry "USA"]
[SourceTitle "EXT 2024"]
[Source "ChessBase"]
[SourceDate "2023.10.10"]
[SourceVersion "1"]
[SourceVersionDate "2023.10.10"]
[SourceQuality "1"]

1. c4 e5 2. g3 Nc6 3. Bg2 f5 4. d3 Nf6 5. Nf3 Bc5 6. 0-0 d6 7. Nc3 0-0 8. Nd5 Nxd5 9. cxd5 Nd4 10. Nxd4 Bxd4 11. e3 Bb6 12. b4 a5 13. bxa5 Rxa5 14. a4 Bd7 15. Bd2 Ra7 16. a5 Bc5 17. Rb1 b6 18. axb6 Bxb6 19. Ra1 Qa8 20. Rxa7 Qxa7 21. Qb3 g5 22. Bc3 f4 23. Ra1 Qb8 24. d4 fxe3 25. fxe3 Bxd4 26. Qxb8 Bxe3+ 27. Kh1 Rxb8 28. Be4 h5 29. Kg2 h4 30. gxh4 gxh4 31. Kf3 Bf4 32. Ra7 1-0

[Event "Titled Tuesday intern op 27th Jun Early"]
[Site "Chess.com INT"]
[Date "2023.06.27"]
[Round "2"]
[White "Flynn, Jacob"]
[Black "Guzman Lozano, Campo Elias"]
[Result "1-0"]
[WhiteElo "2117"]
[BlackElo "1924"]
[PlyCount "59"]
[EventDate "2023.06.27"]
[EventType "swiss (blitz)"]
[EventRounds "11"]
[EventCountry "USA"]
[SourceTitle "EXT 2024"]
[Source "ChessBase"]
[SourceDate "2023.10.10"]
[SourceVersion "1"]
[SourceVersionDate "2023.10.10"]
[SourceQuality "1"]

1. e4 c5 2. Nf3 Nc6 3. d4 cxd4 4. Nxd4 e5 5. Nb5 a6 6. Nd6+ Bxd6 7. Qxd6 Qe7 8. Qxe7+ Ngxe7 9. Nc3 d5 10. exd5 Nb4 11. Bd3 Nxd3+ 12. cxd3 Bf5 13. 0-0 Bxd3 14. Rd1 Bg6 15. Be3 0-0 16. Rac1 Nf5 17. Bc5 Rfd8 18. Na4 Rac8 19. Bb6 Rxc1 20. Rxc1 Nd4 21. Bxd8 Ne2+ 22. Kf1 Nxc1 23. Nc5 Kf8 24. Nxb7 Nxa2 25. Ba5 Nc1 26. d6 Bd3+ 27. Ke1 Bb5 28. Nc5 Nd3+ 29. Nxd3 Bxd3 30. d7 1-0

[Event "Titled Tuesday intern op 27th Jun Late"]
[Site "Chess.com INT"]
[Date "2023.06.27"]
[Round "4"]
[White "Flynn, Jacob"]
[Black "Villa Tornero, Alex"]
[Result "0-1"]
[WhiteElo "2117"]
[BlackElo "2216"]
[PlyCount "160"]
[EventDate "2023.06.27"]
[EventType "swiss (blitz)"]
[EventRounds "11"]
[EventCountry "USA"]
[SourceTitle "EXT 2024"]
[Source "ChessBase"]
[SourceDate "2023.10.10"]
[SourceVersion "1"]
[SourceVersionDate "2023.10.10"]
[SourceQuality "1"]

1. Nf3 Nf6 2. g3 g6 3. Bg2 Bg7 4. 0-0 0-0 5. d4 c5 6. c4 cxd4 7. Nxd4 Nc6 8. Nc3 Qb6 9. Nb3 d6 10. Be3 Qd8 11. Nd4 Bd7 12. h3 Rc8 13. Rc1 a6 14. b3 Nxd4 15. Bxd4 Bc6 16. e4 Nd7 17. Be3 Qa5 18. Qd2 Rfe8 19. Nd5 Qxd2 20. Bxd2 Bxd5 21. cxd5 Nc5 22. Be3 Nd3 23. Rcd1 Nb4 24. Rd2 Nc2 25. Bb6 Rc3 26. Rfd1 Rec8 27. Bf1 Na3 28. Ba5 Rc2 29. Bb4 Rxd2 30. Rxd2 Nb1 31. Re2 Rc1 32. Kg2 Bc3 33. Bxc3 Nxc3 34. Re3 Nxa2 35. e5 Kf8 36. h4 h5 37. exd6 exd6 38. Bc4 b5 39. Bd3 Rc3 40. Rf3 Nc1 41. Bb1 Rxf3 42. Kxf3 Nxb3 43. Ke3 Ke7 44. Kd3 Kf6 45. Kc3 Nc5 46. Kd4 a5 47. f4 Ke7 48. Bc2 f5 49. Kc3 Kd7 50. Kd4 Kc7 51. Kc3 Ne4+ 52. Kd4 Nxg3 53. Bd3 Ne4 54. Bxb5 Nc5 55. Kc4 Kd8 56. Bc6 Ke7 57. Kb5 a4 58. Kb4 Nd3+ 59. Kxa4 Nxf4 60. Kb4 Ng2 61. Kc4 Nxh4 62. Kd4 g5 63. Bb7 Kf6 64. Bc8 g4 65. Ke3 Ng6 66. Be6 h4 67. Kf2 Ne5 68. Kg2 Kg5 69. Kf2 f4 70. Kg2 h3+ 71. Kh2 Nf3+ 72. Kh1 Kh4 73. Bxg4 Ne5 74. Be2 Kg3 75. Kg1 f3 76. Bf1 Ng4 77. Bg2 h2+ 78. Kf1 Ne3+ 79. Ke1 Nxg2+ 80. Kd2 h1Q 0-1

[Event "Titled Tuesday intern op 27th Jun Early"]
[Site "Chess.com INT"]
[Date "2023.06.27"]
[Round "1"]
[White "Talibov, Shiroghlan"]
[Black "Flynn, Jacob"]
[Result "1-0"]
[WhiteElo "2348"]
[BlackElo "2117"]
[PlyCount "87"]
[EventDate "2023.06.27"]
[EventType "swiss (blitz)"]
[EventRounds "11"]
[EventCountry "USA"]
[SourceTitle "EXT 2024"]
[Source "ChessBase"]
[SourceDate "2023.10.10"]
[SourceVersion "1"]
[SourceVersionDate "2023.10.10"]
[SourceQuality "1"]

1. c4 Nf6 2. Nc3 c5 3. g3 e6 4. Nf3 d5 5. cxd5 exd5 6. d4 Nc6 7. Bg2 cxd4 8. Nxd4 Bc5 9. Nb3 Bb6 10. Bg5 d4 11. Nd5 Be6 12. Nxf6+ gxf6 13. Bh6 Qd7 14. Bg7 Rg8 15. Bxf6 Rg6 16. Bh4 f6 17. 0-0 0-0-0 18. Rc1 Kb8 19. Nc5 Bxc5 20. Rxc5 Bh3 21. Bxc6 bxc6 22. Qb3+ Qb7 23. Rfc1 Qxb3 24. axb3 Bd7 25. R5c4 Be8 26. Rd1 Kc7 27. Rdxd4 Rxd4 28. Rxd4 Bf7 29. Rf4 Bxb3 30. Rxf6 Rg7 31. f3 Rd7 32. Bg5 Bd1 33. Kf2 a5 34. h4 Kb6 35. h5 a4 36. g4 Kb5 37. Rf5+ Kc4 38. Bf6 Kb3 39. Rf4 c5 40. g5 Bc2 41. e4 c4 42. g6 hxg6 43. hxg6 Rb7 44. Be5 1-0

[Event "Titled Tuesday intern op 13th Jun Late"]
[Site "Chess.com INT"]
[Date "2023.06.13"]
[Round "2"]
[White "Ward, Ieuan C"]
[Black "Flynn, Jacob"]
[Result "1/2-1/2"]
[WhiteElo "2028"]
[BlackElo "2117"]
[PlyCount "113"]
[EventDate "2023.06.13"]
[EventType "swiss (blitz)"]
[EventRounds "11"]
[EventCountry "USA"]
[SourceTitle "EXT 2024"]
[Source "ChessBase"]
[SourceDate "2023.10.10"]
[SourceVersion "1"]
[SourceVersionDate "2023.10.10"]
[SourceQuality "1"]

1. d4 d5 2. c4 e6 3. Nc3 Nf6 4. Bg5 Be7 5. e3 h6 6. Bh4 0-0 7. Nf3 Ne4 8. Bxe7 Qxe7 9. Bd3 Nxc3 10. bxc3 dxc4 11. Bxc4 c5 12. 0-0 b6 13. Qe2 Bb7 14. Ne5 Nd7 15. Nxd7 Qxd7 16. Rfd1 Qc7 17. Rac1 Rad8 18. f3 Rfe8 19. e4 e5 20. dxe5 Qxe5 21. Bb5 Rf8 22. a4 g6 23. Bc4 Kg7 24. Qb2 Bc6 25. Bb5 Bxb5 26. axb5 c4 27. Ra1 Rd3 28. Rxd3 cxd3 29. Rxa7 Rd8 30. Ra1 Qc5+ 31. Kf1 Qc4 32. Rd1 d2+ 33. Kf2 Qc5+ 34. Ke2 Qc4+ 35. Kf2 Qd3 36. Qb3 Rc8 37. Qb2 Rd8 38. Qb3 Kh7 39. Qxf7+ Kh8 40. Qf6+ Kh7 41. Qf7+ Kh8 42. Qf6+ Kg8 43. Qxg6+ Kf8 44. Qf6+ Ke8 45. Qe6+ Kf8 46. Qxh6+ Ke7 47. Qg5+ Ke6 48. Qg6+ Kd7 49. Qc6+ Ke7 50. Qc7+ Rd7 51. Qe5+ Kd8 52. Qb8+ Ke7 53. Qe5+ Kf8 54. Qh8+ Kf7 55. Qh7+ Ke6 56. Qf5+ Ke7 57. Qe5+ 1/2-1/2

[Event "Titled Tuesday intern op 06th Jun Early"]
[Site "Chess.com INT"]
[Date "2023.06.06"]
[Round "5"]
[White "Afanasieva, Alexandra"]
[Black "Flynn, Jacob"]
[Result "1-0"]
[WhiteElo "1857"]
[BlackElo "2117"]
[PlyCount "91"]
[EventDate "2023.06.06"]
[EventType "swiss (blitz)"]
[EventRounds "11"]
[EventCountry "USA"]
[SourceTitle "EXT 2024"]
[Source "ChessBase"]
[SourceDate "2023.10.10"]
[SourceVersion "1"]
[SourceVersionDate "2023.10.10"]
[SourceQuality "1"]

1. e4 e5 2. Nf3 Nc6 3. Bb5 a6 4. Ba4 Nf6 5. 0-0 Be7 6. Re1 b5 7. Bb3 0-0 8. h3 Bb7 9. c3 d5 10. exd5 Nxd5 11. a4 Qd6 12. d4 exd4 13. cxd4 Bf6 14. Nc3 Nxc3 15. bxc3 b4 16. Qd3 bxc3 17. Ba3 Nb4 18. Bxb4 Qxb4 19. Rab1 Qa5 20. Bc2 g6 21. Rxb7 Rfe8 22. Rxe8+ Rxe8 23. Qc4 Re7 24. Rb3 Kg7 25. Rxc3 Qh5 26. Re3 Rd7 27. Bb3 Qa5 28. Qc6 Rd6 29. Qe8 Kh6 30. Qf8+ Bg7 31. Qxf7 Rf6 32. Qd5 Qxd5 33. Bxd5 Rd6 34. Bc4 a5 35. Rd3 Rc6 36. Bb5 Rc1+ 37. Kh2 Bf8 38. g3 Bd6 39. Kg2 Rc2 40. Ne5 Kg7 41. Rf3 Rd2 42. Rf7+ Kh6 43. Ng4+ Kg5 44. h4+ Kxg4 45. Bd7+ Kh5 46. Rxh7# 1-0

[Event "Titled Tuesday intern op 06th Jun Early"]
[Site "Chess.com INT"]
[Date "2023.06.06"]
[Round "3"]
[White "Makarian, Rudik"]
[Black "Flynn, Jacob"]
[Result "1-0"]
[WhiteElo "2544"]
[BlackElo "2117"]
[PlyCount "51"]
[EventDate "2023.06.06"]
[EventType "swiss (blitz)"]
[EventRounds "11"]
[EventCountry "USA"]
[SourceTitle "EXT 2024"]
[Source "ChessBase"]
[SourceDate "2023.10.10"]
[SourceVersion "1"]
[SourceVersionDate "2023.10.10"]
[SourceQuality "1"]

1. d4 Nf6 2. c4 e6 3. Nf3 d5 4. Nc3 c6 5. Bg5 dxc4 6. e4 b5 7. e5 h6 8. Bh4 g5 9. Nxg5 hxg5 10. Bxg5 Nbd7 11. g3 Bb7 12. Bg2 Qb6 13. exf6 0-0-0 14. 0-0 c5 15. d5 b4 16. Rb1 Qa6 17. dxe6 Bxg2 18. e7 Bxe7 19. fxe7 Rdg8 20. Kxg2 bxc3 21. Qd5 Qg6 22. bxc3 Nb6 23. Rxb6 Qxb6 24. Rb1 Qxb1 25. Qc6+ Kb8 26. Bf4# 1-0

[Event "Titled Tuesday intern op 23rd May Early"]
[Site "Chess.com INT"]
[Date "2023.05.23"]
[Round "11"]
[White "Kopczynski, Michal"]
[Black "Flynn, Jacob"]
[Result "0-1"]
[WhiteElo "2225"]
[BlackElo "2087"]
[PlyCount "160"]
[EventDate "2023.05.23"]
[EventType "swiss (blitz)"]
[EventRounds "11"]
[EventCountry "USA"]
[SourceTitle "CBM 214 Extra"]
[Source "ChessBase"]
[SourceDate "2023.07.31"]
[SourceVersion "1"]
[SourceVersionDate "2023.07.31"]
[SourceQuality "1"]

1. e4 e5 2. Nf3 Nc6 3. Bb5 a6 4. Ba4 Nf6 5. 0-0 Be7 6. d3 b5 7. Bb3 d6 8. a4 Bd7 9. axb5 axb5 10. Rxa8 Qxa8 11. Nc3 Na5 12. Nd5 Nxd5 13. Bxd5 c6 14. Ba2 Nb7 15. Bb1 Qa1 16. Bg5 Bxg5 17. Nxg5 h6 18. Nf3 Qxb2 19. d4 exd4 20. Nxd4 0-0 21. Qd2 Nc5 22. f3 Na4 23. Ne2 Qe5 24. Rd1 Qc5+ 25. Qd4 Be6 26. Kf1 Rd8 27. Qxc5 Nxc5 28. Nd4 Bd7 29. Ba2 Kf8 30. Kf2 Ra8 31. Bb3 Ke7 32. Ke3 Nxb3 33. cxb3 c5 34. Ne2 Ra3 35. Rd3 Be6 36. Nc1 b4 37. Kd2 g5 38. Kc2 f6 39. Kb2 h5 40. Ne2 c4 41. Re3 c3+ 42. Rxc3 h4 43. Rd3 Ra8 44. Nd4 Bd7 45. Nc2 Rb8 46. Rd4 Rc8 47. Nxb4 Bb5 48. Nd5+ Ke6 49. Rb4 Bf1 50. g3 h3 51. f4 gxf4 52. gxf4 f5 53. Nb6 Rc6 54. exf5+ Kxf5 55. Nd5 Ke6 56. Ne3 Bg2 57. f5+ Kf6 58. Rg4 Bf3 59. Rg3 Be2 60. Rxh3 Ke5 61. Rg3 Ke4 62. Nc2 Rc7 63. f6 Bf3 64. Rg7 Rc8 65. f7 Rf8 66. h4 Bh5 67. Rh7 Bg6 68. b4 Bxh7 69. b5 Rxf7 70. Nb4 Rb7 71. Kb3 Rxb5 72. Kc4 Rxb4+ 73. Kxb4 d5 74. Kc3 d4+ 75. Kd2 d3 76. Kd1 Ke3 77. Ke1 Bg6 78. Kd1 d2 79. h5 Bxh5+ 80. Kc2 d1Q+ 0-1

[Event "Titled Tuesday intern op 02nd May Late"]
[Site "Chess.com INT"]
[Date "2023.05.02"]
[Round "6"]
[White "Kim, Sergey2222"]
[Black "Flynn, Jacob"]
[Result "1-0"]
[WhiteElo "2295"]
[BlackElo "2087"]
[PlyCount "77"]
[EventDate "2023.05.02"]
[EventType "swiss (blitz)"]
[EventRounds "11"]
[EventCountry "USA"]
[SourceTitle "EXT 2024"]
[Source "ChessBase"]
[SourceDate "2023.10.10"]
[SourceVersion "1"]
[SourceVersionDate "2023.10.10"]
[SourceQuality "1"]

1. d4 Nf6 2. c4 e6 3. Nc3 Bb4 4. Qc2 0-0 5. a3 Bxc3+ 6. Qxc3 d5 7. Nf3 dxc4 8. Qxc4 b6 9. g3 Bb7 10. Bg2 Nbd7 11. 0-0 c5 12. Rd1 Rc8 13. dxc5 Rxc5 14. Qh4 Rh5 15. Qa4 Qa8 16. Bf4 e5 17. Be3 Bc6 18. Qb3 Ng4 19. Rac1 Ndf6 20. h3 Nxe3 21. Qxe3 e4 22. Nd4 Bb7 23. g4 Re5 24. Nf5 h6 25. Qf4 Re6 26. Nd6 Bd5 27. Nf5 Rfe8 28. e3 Nd7 29. Nd6 Rf6 30. Qg3 Rd8 31. Nb5 Nc5 32. Nc7 Qb7 33. Nxd5 Rxd5 34. Rxd5 Qxd5 35. Qb8+ Kh7 36. Qxa7 Qd2 37. Rf1 g6 38. Qe7 Qd5 39. Qxf6 1-0